000
002320000a22000970004500
100
1
_a
Drew, Roger
245
1
0
_a
Desarrollo de redes de gente con VIH/Sida
300
_a
Núm 44 (2000), Páginas 3
773
0
_t
Paso a paso
942
_c
ANA
999
_c
52538
_d
52538